Statistics for Body Part Cliches Quiz

Click here to take the quiz!

General Stats

  • This quiz has been taken 81,533 times
    (50,621 since last reset)
  • The average score is 25 of 30

Answer Stats

Cliche % Correct
Got off on the wrong {foot}
96%
A sight for sore {eyes}
96%
A bird in the {hand} is worth
two in the bush
95%
In one {ear} and out the other
95%
{Blood} is thicker than water
95%
You scratch my {back}, I'll scratch yours
94%
Through gritted {teeth}
93%
Cross one's {heart} and hope to die
92%
On bended {knee}
90%
The way to a man's heart is
through his {stomach}
90%
Shake a {leg}
90%
Five-{finger} discount
89%
Don't look a gift horse in the {mouth}
88%
Have a chip on one's {shoulder}
88%
Rule with an iron {fist}
88%
Joined at the {hip}
87%
Long {arm} of the law
85%
Have a frog in one's {throat}
80%
There's more than
one way to {skin} a cat
78%
Two {heads} are better than one
78%
Albatross around one's {neck}
75%
{Toe} the line
75%
Play one's cards close to the {chest}
75%
{Nose} to the grindstone
74%
Cut off your nose to spite your {face}
74%
Thorn in one's {side}
73%
Slap on the {wrist}
68%
As dry as a {bone}
67%
By the sweat of one's {brow}
66%
Strike a raw {nerve}
47%

Score Distribution

Percentile by Number Answered

Percent of People with Each Score

Your Score History

You have not taken this quiz since the last reset